Las moradas filosofales
Salvato in:
| Autore principale: | |
|---|---|
| Natura: | Libro |
| Lingua: | spagnolo |
| Pubblicazione: |
Barcelona
Plaza and Janés
1965
|
| Edizione: | 1a. ed |
| Serie: | El Arca de Papel, 9
|
| Soggetti: | |
| Tags: |
Aggiungi Tag
Nessun Tag, puoi essere il primo ad aggiungerne!!
|
MARC
| LEADER | 00000cam a2200000 a 4500 | ||
|---|---|---|---|
| 001 | UCD8058 | ||
| 003 | CL-VaPUC | ||
| 008 | 170422e19650000sp |||||||||||||||||spa|d | ||
| 082 | 0 | 4 | |a 726.6 |b FUL |2 21 |
| 100 | 0 | |a Fulcanelli |e author |9 591913 | |
| 245 | 1 | 4 | |a Las moradas filosofales |
| 250 | |a 1a. ed | ||
| 300 | |a 632 p | ||
| 942 | |c BK | ||
| 945 | |d 20170422 00:05:00 |a arojas | ||
| 260 | |a Barcelona |b Plaza and Janés |c 1965 | ||
| 650 | 0 | |a Arquitectura medieval |9 267661 | |
| 650 | 0 | |a Arquitectura religiosa |9 266677 | |
| 650 | 0 | |a Arte cristiano |9 265204 | |
| 583 | |a last modification |c 20170422 00:05:00 |k Rodrigo Vera | ||
| 490 | 0 | |a El Arca de Papel, 9 | |
| 999 | |c 367821 |d 367819 | ||
| 952 | |0 0 |1 0 |3 erb |4 0 |6 726_600000000000000_FUL_1965 |7 0 |8 A |9 482924 |a BIBEDU |b BIBEDU |i 5389437 |o 726.6 FUL 1965 |p 5389437 |r 2019-11-24 |w 2019-11-24 |y BK |z Catalogado en:20170422 |k FIL | ||